000 00770nam a2200217 4500
003 LK-CoMWRAF
005 20231005222227.0
008 231005b2004 |||||||| |||| 00| 0 eng d
020 _a9559161296
040 _aLK-CoMWRAF
_dLK-CoMWRAF
_eLK-CoMWRAF
041 _aeng
082 _a037
_bSRI
245 _aSri Lanka Directory of Environmental NGOs
260 _aSri Jayawardenapura:
_bGreen Information Network, SLEJF-Sri Lanka Environmental Journalists Forum,
_c2004
300 _axiv, 284 p. : ill., 1 map ; 31 cm.
650 _aENVIRONMENTAL AGENCIES-Sri Lanka--Directories
650 _aEnvironmental protection--Sri Lanka--Directories
650 _aNon-governmental organizations--Sri Lanka--Directories
700 _aWickremaratne, Dharman
942 _cREF
999 _c3781
_d3781